Súčasné vonkajšie vzťahy USA s Kubou a Venezuelou bakalárska práca

Gespeichert in:
Bibliographische Detailangaben
1. Verfasser: Vargová, Soňa
Körperschaft: Fakulta medzinárodných vzťahov EU. Katedra medzinárodných ekonomických vzťahov a hospodárskej diplomacie
Weitere Verfasser: Jančovič, Peter, 1995-
Format: Buch
Sprache:Slowakisch
Veröffentlicht: Bratislava 2021
Tags: Tag hinzufügen
Keine Tags, Fügen Sie das erste Tag hinzu!

MARC

LEADER 00000nbm a2200000 4500
001 0275377
005 20220222104000.8
041 0 |a slo 
044 |a SK 
245 1 0 |a Súčasné vonkajšie vzťahy USA s Kubou a Venezuelou  |b bakalárska práca  |c Soňa Vargová ; školiteľ: Peter Jančovič 
264 1 |a Bratislava  |c 2021 
300 |a 60 s. 
100 1 |a Vargová, Soňa 
700 1 |a Jančovič, Peter, 1995- 
710 2 |a Fakulta medzinárodných vzťahov EU. Katedra medzinárodných ekonomických vzťahov a hospodárskej diplomacie